000 00243nam a2200109Ia 4500
008 200302s9999 xx 000 0 und d
100 _aAnja llorella
245 _aStdium Design
260 _bDaab Gmbh Published
260 _c2006
300 _a399
999 _c3400
_d3400